La industria y el cine / (Record no. 109918)

MARC details
000 -LEADER
campo de control de longitud fija 00716nam a2200217 4500
001 - NÚMERO DE CONTROL
campo de control 109918
003 - IDENTIFICADOR DE NÚMERO DE CONTROL
campo de control ES-MaACL
005 - FECHA Y HORA DE LA ÚLTIMA TRANSACCIÓN
campo de control 20250824211724.0
007 - CAMPO FIJO DE DESCRIPCIÓN FÍSICA--INFORMACIÓN GENERAL
campo de control de longitud fija t|
008 - DATOS DE LONGITUD FIJA--INFORMACIÓN GENERAL
campo de control de longitud fija 061121s1964 sp r ||||1| spa d
100 1# - ENTRADA PRINCIPAL--NOMBRE DE PERSONA
Nombre de persona Moertzsch, Friedrich.
9 (RLIN) 81775
245 13 - MENCIÓN DEL TÍTULO
Título La industria y el cine /
Mención de responsabilidad, etc. Friedrich Moertzsch ; traducción de Juan José de Bergareche.
260 ## - PUBLICACIÓN, DISTRIBUCIÓN, ETC.
Lugar de publicación, distribución, etc. Madrid :
Nombre del editor, distribuidor, etc. Rialp,
Fecha de publicación, distribución, etc. 1964.
300 ## - DESCRIPCIÓN FÍSICA
Extensión 192 p., 4 lám. ;
Dimensiones 19 cm.
490 1# - MENCIÓN DE SERIE
Mención de serie Libros de cine Rialp.
-- Serie B ;
Designación de volumen o secuencia 31
650 #7 - PUNTO DE ACCESO ADICIONAL DE MATERIA--TÉRMINO DE MATERIA
Término de materia o nombre geográfico como elemento de entrada Industria cinematográfica
Fuente del encabezamiento o término embne
9 (RLIN) 171023
710 2# - ENTRADA AGREGADA--NOMBRE DE ENTIDAD CORPORATIVA
Nombre de entidad corporativa o nombre de jurisdicción como elemento de entrada Bergareche, Juan José de.
9 (RLIN) 2163
830 10 - PUNTO DE ACCESO ADICIONAL DE SERIE-TÍTULO UNIFORME
Título uniforme Libros de cine Rialp
Designación de volumen o secuencia 31
9 (RLIN) 181163
852 ## - LOCALIZACIÓN
Ubicación ES-MaACL
Número de control de estantería C-25493
Holdings
Estatus retirado Estado de pérdida Estado de daño No para préstamo Biblioteca de origen Biblioteca actual Ubicación en estantería Fecha de adquisición Fuente de adquisición Total de préstamos Signatura topográfica completa Código de barras Visto por última vez Precio de reemplazo Tipo de ítem Koha
        Biblioteca del Ateneo de Madrid Biblioteca del Ateneo de Madrid Depósito 2 17/01/2008     C-25493 1114684 23/02/2023 23/02/2023 Libro impreso